| 000 | 00658nam a2200229 a 4500 | ||
|---|---|---|---|
| 001 | 1646670 | ||
| 003 | 0 | ||
| 005 | 20170127092119.0 | ||
| 008 | 960930s1997 caua b 001 0 eng | ||
| 010 | _a 96203194 | ||
| 020 | _a9780534363475 | ||
| 040 | _cSPU | ||
| 050 | 0 | 0 |
_aBF39 _b.H69 1997 |
| 100 | 1 | _aHowell, David C. | |
| 245 | 1 | 0 |
_aStatistical methods for psychology / _cDavid C. Howell. |
| 250 | _a4th ed. | ||
| 260 |
_aBelmont, CA : _bDuxbury Press, _c1997. |
||
| 300 |
_axii, 724 p. : _bill. ; _c25 cm. |
||
| 504 | _aIncludes bibliographical references (p. 699-706) and index. | ||
| 650 | 0 |
_aPsychology _xStatistical methods. |
|
| 942 |
_2lcc _cBK |
||
| 999 |
_c48155 _d48155 |
||